El Llarg exili dels refugiats i desplaçats / Josep Ricart i Oller
ISBN:
84-88341-39-3
Descripción Física:
32 p. ; 21 cm
Colección:
Col·lecció Cristianisme i Justícia ; 67
Otros Autores:
Centre d'Estudis Cristianisme i Justícia
Materias:
Refugiats
MARC
| LEADER | 00000nam a2200000Ia 4500 | ||
|---|---|---|---|
| 001 | 10967 | ||
| 003 | BGR | ||
| 005 | 20260324175309.0 | ||
| 008 | 160829s1995 xx 000 0 cat d | ||
| 020 | |a 84-88341-39-3 | ||
| 080 | |a FU-12-42 | ||
| 100 | |a Ricart i Oller, Josep |9 25456 | ||
| 245 | |a El Llarg exili dels refugiats i desplaçats / Josep Ricart i Oller | ||
| 260 | |a Barcelona : |b Cristianisme i Justícia, |c 1995 | ||
| 300 | |a 32 p. ; |c 21 cm | ||
| 490 | |a Col·lecció Cristianisme i Justícia ; 67 | ||
| 590 | |a A la coberta: Intermón, Fundació per al Tercer Món | ||
| 650 | |a Refugiats |9 25457 | ||
| 700 | |a Centre d'Estudis Cristianisme i Justícia |9 25458 | ||
| 710 | 2 | |a Centre d'Estudis Cristianisme i Justícia |9 71053 | |
| 710 | |a Intermón Oxfam |9 66689 | ||
| 901 | |a Arxiu | ||
| 942 | |n 1 |2 udc |c MON | ||
| 952 | |0 0 |1 0 |4 0 |6 FU1242 |7 1 |9 43624 |a Arxiu |b Arxiu |d 2016-12-01 |l 0 |o FU-12-42 |p 10967 |r 2016-12-01 00:00:00 |w 2016-12-01 |y ARXIU | ||
| 999 | |c 46172 |d 46172 | ||